| 000 | 01729nam a2200241Ia 4500 | ||
|---|---|---|---|
| 003 | Ost | ||
| 005 | 20260507075730.0 | ||
| 008 | 260507s9999||||xx |||||||||||||| ||und|| | ||
| 040 | _cfsecg | ||
| 041 | _aara | ||
| 082 | _a338.5 | ||
| 100 |
_aالسريتي، محمد احمد _eمؤلف |
||
| 245 | 0 |
_aمبادئ الإقتصاد الجزئي / _c محمد احمد السريتي |
|
| 260 |
_aالاسكندرية: _bالدار الجامعية, _c2004 |
||
| 300 |
_a420 صفحة؛ _bإيضاحات ؛ _c24 سم |
||
| 504 | _aبيبليوغرافيا : ص.419-420 | ||
| 520 | _aهذا الكتاب علم الاقتصاد ، المشكلة الاقتصادية ، النظم الاقتصادية وحل المشكلة الاقتصادية ، الطلب والعرض وتوازن السوق وبعض التطبيقات على التوازن السوق ، مرونات الطلب والعرض ، تفسير سلوك المستهلك باستخدام نظرية المنفعة الحدية وباستخدام تحليل منحنيات السواء ، نظرية الانتاج ودوال الانتاج في الفترتين القصيرة والطويلة ، تكاليف الانتاج في الفترتين القصيرة والطويلة الاشكال المختلفة للاسواق توازن المشروع في سوق المنافسة الكاملة ، توازن المشروع في السوق المنافسة غير الكاملة ، الطلب على خدمات عناصر الانتاج عرض خدمات عناصر الانتاج وتحديد أسعارها | ||
| 653 | _aالاقتصاد الجزئي | ||
| 653 | _aالانتاج | ||
| 653 | _aالطلب | ||
| 653 | _aالعرض | ||
| 942 | _cكتاب | ||
| 999 |
_c46027 _d46027 |
||